中国大陆C1驾照科目二每次扣100分的行为-100 Point in China C1 Driver License 2nd Subject - Statistics

General Stats
  • This quiz has been taken 17 times
  • The average score is 5 of 16
Answer Stats
Answer % Correct
未系安全带或安全带弹出
69%
项目完成时间超过规定时间
54%
因操作不当造成发动机熄火
54%
起步时车辆后溜距离大于30厘米
46%
进入库位后车身出线
38%
未放手刹或手刹未放到位
31%
倒库不入
31%
中途停车
31%
不按规定路线行驶
15%
未关车门或车门未关紧
15%
点火时变速杆未处于空挡
15%
倒车前前轮未越过控制线
15%
车轮压线
15%
停车后车身距边缘线超出50厘米
15%
车身扫线
8%
停车后前保险杠超出桩杆线50厘米
8%
No matching quizzes found
Score Distribution
Percent of People with Each Score
Percentile by Number Answered
Your Score History
You have not taken this quiz